00835cam a22002412 450000100060000000300080000600500170001400800390003103500190007004000370008904100080012608200170013410000200015124501050017126000480027630000240032449000410034850000410038950400600043065000590049083000100054983000340055924467BD-RjUL20211209001044.0140313r19511950ctu b 001 0 eng a(BD-RjUL)24534 aDLCcCSUdSERdEQOdBD-RjULbeng aeng a330.973bJAS1 aJaneway, Eliot.14aThe struggle for survival :ba chronicle of economic mobilization in World War II. /cEliot, Janeway aNew Haven :bYale University Press,cc1951. av, 382 p. ;c21 cm.1 aChronicles of America series,vv. 53 a"A bookstore edition."--Dust jacket. a Includes "Bibliographical note": p. 362-372 and index. 0aWorld War, 1939-1945xEconomic aspectszUnited States. 0vv. 53 0aChronicles of America series,